000 00546nam a2200193Ia 4500
005 20250508153204.0
008 008 250505s9999 xx 000 0 eng d
037 _aTextual
040 _aFEDL
_beng
_cFEDL
041 _aeng
_2eng
084 _a310, SAV
_qFEDL
100 _aSavage Leonard J.
_9316868
245 0 _aFoundations of statistics
260 _aNew York, USA
_bJohn Wiley and Sons
_c1954
300 _axv,293p.
490 _aWiley Publications in Statistics
942 _cTEXL
_h310, SAV
999 _c1341130
_d1341130